MDQL
is popping MORE tags! Check the
thread
!
Quizzes
Events
Quiz Creation
Community
Videos
Private Events
Remove Ads
Sign In
Join for FREE
Feedback
Dark Mode
Quiz Categories
Sports
Geography
Music
Movies
Television
Just For Fun
Miscellaneous
History
Literature
Language
Science
Gaming
Entertainment
Religion
Holiday
For Kids
Quiz Lab
Recent
Popular Today
Quiz Kudos Today
Editor Picks
Curator Picks
Quizzes by...
Day
Popularity
Type
Ratings
Length
Year
Community
Subscriptions
Recent Discussions
Orange Saloon
Badges
Playlists
Quests
Create
Leaderboards
Showdown
Live 5
Trivia Bingo
Activity
Puzzle Library
Sporcle Events
Private Events
Virtual Trivia
Globe League
Become a Host
Pub Owners
SporcleCon
Opinionation
Our Games
Videos
Blog
Mobile Apps
Partnerships
Remove Ads and Go Orange
Feedback
Music
Pop Music
The Beatles
Song
Album
Lyrics
Bands
Singers
Artist
Clip
Rock
Rap
Classical
Billboard
Country Music
Kpop
Taylor Swift
Music
Pop Music
The Beatles
Song
Album
Lyrics
Bands
Singers
Artist
Clip
Rock
Rap
Classical
Billboard
Country Music
Kpop
Taylor Swift
Random Quiz
Search Sporcle
×
Quiz Lab
Quiz Lab
Music
Lyrics
Type in answers that appear in a list
Type in answers that appear in a list
Classic
Best Score? Go Orange.
Doors Lyrics Stats
Can you name the Doors Lyrics?
By
LizardKing
8m
20 Questions
316 Plays
316 Plays
316 Plays
Comments
Comments
Give Quiz Kudos
Give Quiz Kudos
-
- Ratings
hide this ad
Random Order
Randomize order of answers
Randomize order of answers
Replay
Link that replays current quiz
Next Quiz
Link to next quiz in quiz playlist
You Got
0%
They Got
Avg Score
51%
Avg Friend Score
Upgrade to see
Score Distribution
Jump to the score distribution portion of the page
Score
0/20
Timer
08:00
0
Plays Today
Lyric
Song
% Correct
'We chased our pleasures here, dug our treasures there.'
Break On Through
86.7%
'Can you picture what will be? So limitless and free.'
The End
78.8%
'Motel money, murder, madness. Let's change the mood from glad to sadness.'
L.A Woman
76.9%
'You man eat your dinner, eat your pork and beans. I eat more chicken than any man ever seen.'
Back Door Man
67.4%
'Indians scattered on dawn's highway bleeding, ghosts crowd the young child's fragile eggshell mind.'
Peace Frog
66.8%
'She has wisdom and knows what to do, she has me and she has you.'
Love Street
64.6%
'The old get old and the young get stronger.'
Five To One
63%
'What have they done to the earth? What have they done to our fair sister?'
When The Music's Over
58.9%
'When we get back I'll drop a line.'
The Crystal Ship
53.2%
'I had money, and I had none.'
The Changeling
49.1%
Lyric
Song
% Correct
'Surrender to the waiting worlds that lap against our side.'
Moonlight Drive
46.8%
'When all else fails we can whip the horses eyes, and make them sleep, and cry.'
The Soft Parade
42.4%
'Time to walk, time to run, time to aim your arrows at the sun.'
Take It As It Comes
40.2%
'I think that you know what to do. Impossible? Yes, but it's true.'
You're Lost Little Girl
38.6%
'I need someone who doesn't need me.'
Hyacinth House
38%
'I promised I would drown myself in mystic heated wine.'
Yes, The River Knows
37.3%
'You tell them they don't have to run, we're gonna pick up everyone.'
Tell All The People
34.8%
'People walking on the moon, smog will get you pretty soon.'
Ship of Fools
34.2%
'This old man was graceful, with silver in his smile.'
Land Ho!
29.7%
'Did you stop to consider how it will feel? Cold, grinded, grizzly bear jaws hot on your heels.'
Shaman's Blues
25.6%
Quiz Playlist
Details
Report
Send in Message
Add To Playlist
Classic:
Type in answers that appear in a list
Random Order:
Randomize order of answers
Quiz Source
Last Updated: Feb 16, 2017
Quiz Scoreboard
CHALLENGE
Sign Up to Join the Scoreboard
Show All
Scores
Hide
Comments
May contain spoilers
Recently Published
1-10 Letter E Words III
by El_Dandy
Language
2m
Street Fighter Characters
by Artimus82
Gaming
60s
College Basketball Coaching Resumes
by pancakes188
Sports
9m
More to Explore
Quiz From the Vault
Featured Blog Post
Where Did the Easter Bunny Come From?
hide this ad
You Might Also Like...
Tags
Lyrics Quiz
The Doors
Today's Top Quizzes in Music
Browse Music
hide this ad
Today's Top Quizzes in Lyrics
Browse Lyrics
Top Contributed Quizzes in Music
1
Taylor Swift All Songs (2024)
2
Taylor Swift Logic Puzzle
3
Guess the Artist- 70s Songs
4
7-to-1: Billboard Hot 100 #1 Hits of 2010s
5
Sorting Albums and Songs
6
KPOP LOGIC QUIZ
7
Billboard Blitz: Aretha Franklin
8
Guess the Taylor Swift song (Mystery Song)
9
Guess The Taylor Swift Lyrics Song #1
10
Billboard Blitz: ABBA
Explore More
Trending Topics
Disney
NBA
Marvel
Kpop
Crossword
Anime
Harry Potter
Soccer
Country
The Office
NFL
Song
Puzzle
WWE
Pokémon
hide this ad
More By:
LizardKing
Quiz
Plays
Rating
Category
Featured
Created
Doors Lyrics
316
5.00
Music
Mar 3, 2011
Go to Creator's Profile
Score Distribution
Quiz Creator Spotlight
LizardKing
Follow
Send a Message
Quizzes Created
-
Created Quiz Play Count
-
More By This Creator
Popular Quizzes Today
1
Find the US States - No Outlines Minefield
2
Find the Countries of Europe - No Outlines Minefield
3
The Countries of the World
4
Find the US States
5
Risky Map Clicking: Biggest States A-Z
6
US States
7
Popular People in 1961
8
Movies - When Are They Set?
More Music Quizzes
BTS Song by J-Hope's Part (Audio Quiz)
Quiz Lab
Trending Quizzes
Risky Map Clicking: Least Populous States A-Z
1-10 Letter G Words
USA Borders Longest to Shortest
1-10 Letter F Words
Countries of the World: 200 Million BC
Recently Updated
Leaping Animals
pecheneg
Reality TV Shows (A-Z)
bhenderson79
Rickey Henderson's Hall of Fame Teammates
pecheneg
Champions League XIs: Arsenal
pecheneg
Quick Pick: Celebrities in WWE's Hall of Fame
aduchscher
A-Z Keypad Blitz II
pecheneg
Multiple Oscar Actors
pecheneg
Mystery Phrase Blitz: Oscar 'Best Actors'
pecheneg
F. Scott Fitzgerald Novels
LTH
Pick 3 Villains
ddd62291
Trending Topics
Anime
Harry Potter
Disney
Crossword
NBA
Kpop
Marvel
NFL
WWE
Country
The Office
Pokémon
Song
Soccer
Puzzle
Your Account Isn't Verified!
In order to create a playlist on Sporcle, you need to verify the email address you used during registration. Go to your
Sporcle Settings
to finish the process.
Report this User
Report this user for behavior that violates our
Community Guidelines
.
Details:
Send Report
Go to the Sporcle.com Mobile Site →
Comments